[Event "89th Hastings Masters 2013-14"]
[Site "Hastings ENG"]
[Date "2013.12.31"]
[Round "5.36"]
[White "Willson, Ollie"]
[Black "Chlost, Marlena"]
[Result "0-1"]
[BlackTitle "WFM"]
[WhiteElo "1833"]
[BlackElo "2167"]
[WhiteFideId "424714"]
[BlackFideId "1122657"]
[EventDate "2013.12.28"]

1. c4 e5 2. g3 Nf6 3. Bg2 d5 4. cxd5 Nxd5 5. Nc3 Nb6 6. Nf3 Nc6 7. O-O Be7 8. a3
O-O 9. d3 Be6 10. b4 a5 11. b5 Nd4 12. Nxd4 exd4 13. Ne4 a4 14. Bb2 Ra5 15. Nd2
Rxb5 16. Qc2 c6 17. Nf3 c5 18. Rac1 Nd5 19. Nd2 Ra5 20. Nc4 Ra6 21. Nd2 f5 22.
Rb1 b5 23. Ba1 Qa5 24. Rfe1 Nc3 25. Rbc1 Bf6 26. e4 fxe4 27. Nxe4 Nxe4 28. Bxe4
c4 29. Bb7 Bf7 30. Bxa6 Qxa6 31. Re4 c3 32. Rce1 Qd6 33. Qc1 Bg6 34. Re6 Qc5 35.
Qc2 Qxa3 36. Ra6 Qc5 37. Rb1 Qf5 38. Qa2+ Bf7 39. Qe2 Re8 40. Qd1 Bg6 41. Rc1
Qxd3 42. Qxd3 Bxd3 43. Rb6 Bc4 44. f4 Rd8 45. Re1 d3 46. Rxf6 d2 0-1

[Event "89th Hastings Masters 2013-14"]
[Site "Hastings ENG"]
[Date "2013.12.31"]
[Round "5.37"]
[White "Bianco, Valerio"]
[Black "Halfhide, Sebastian"]
[Result "1/2-1/2"]
[WhiteElo "2151"]
[BlackElo "1916"]
[WhiteFideId "800600"]
[BlackFideId "1045946"]
[EventDate "2013.12.28"]

1. Nf3 Nf6 2. g3 g6 3. b3 Bg7 4. Bb2 O-O 5. Bg2 d5 6. c4 c6 7. O-O b6 8. d3 Bb7
9. Qc2 c5 10. cxd5 Bxd5 11. Nc3 Bb7 12. Rad1 Nc6 13. Qb1 Nd4 14. Nxd4 Bxg2 15.
Ne6 Qc8 16. Kxg2 Qxe6 17. Qa1 Rfd8 18. Rfe1 Nd5 19. Nxd5 Qxd5+ 20. Kg1 Bxb2 21.
Qxb2 Rd7 22. Rc1 Qd4 23. Qxd4 Rxd4 24. Rc4 e5 25. Rec1 Rad8 26. R1c2 Kg7 27.
Rxd4 Rxd4 28. Kg2 Kf6 29. Kf3 Kf5 30. h3 h5 31. Ke3 Ke6 32. Rc4 Kd5 33. h4 f6
34. Rc2 b5 35. Rb2 f5 36. Kf3 a6 37. Ke3 e4 38. dxe4+ Rxe4+ 39. Kd3 c4+ 40. Kc3
cxb3 41. Rd2+ Kc5 42. axb3 f4 43. gxf4 Rxf4 44. f3 Rxh4 45. Rd8 Rh2 46. Rc8+ Kb6
47. Re8 Rg2 48. Re6+ Kb7 49. Kb4 h4 50. f4 h3 51. Re7+ Kb6 52. Re6+ Ka7 53. Re7+
Kb6 54. Re6+ Kc7 55. Rxa6 h2 56. Ra7+ Kb6 57. Rh7 Rxe2 58. Rh6 h1=Q 59. Rxh1
Re4+ 60. Kc3 Rxf4 61. Rg1 1/2-1/2

[Event "89th Hastings Masters 2013-14"]
[Site "Hastings ENG"]
[Date "2013.12.31"]
[Round "5.38"]
[White "Witt, Holger"]
[Black "Degro, Heiko"]
[Result "0-1"]
[WhiteElo "1648"]
[BlackElo "2060"]
[WhiteFideId "24678139"]
[BlackFideId "24666122"]
[EventDate "2013.12.28"]

1. b3 d5 2. e3 Nf6 3. Bb2 Bf5 4. f4 e6 5. Nf3 Bd6 6. Be2 c5 7. O-O Nc6 8. d3 O-O
9. Ne5 Bxe5 10. fxe5 Nd7 11. d4 Bg6 12. Nd2 Nb4 13. Rf3 Bxc2 14. Qf1 cxd4 15.
Bxd4 Bg6 16. Rg3 Rc8 17. Qf4 Rc2 18. Rd1 Qa5 19. a4 Nc6 20. e4 Nxd4 0-1

[Event "89th Hastings Masters 2013-14"]
[Site "Hastings ENG"]
[Date "2013.12.31"]
[Round "5.40"]
[White "Snape, Ian L"]
[Black "Staniforth, Matthew"]
[Result "1-0"]
[WhiteElo "2229"]
[BlackElo "1899"]
[WhiteFideId "404489"]
[BlackFideId "1802593"]
[EventDate "2013.12.28"]

1. c4 Nf6 2. Nc3 e6 3. e4 d5 4. e5 d4 5. exf6 dxc3 6. bxc3 Qxf6 7. d4 e5 8. Nf3
exd4 9. Bg5 Qe6+ 10. Be2 h6 11. Nxd4 Qe5 12. Bh4 Be7 13. Bg3 Qa5 14. O-O Nd7 15.
Nb5 Bd8 16. Bg4 Nc5 17. Qd4 Bxg4 18. Qxg7 Rf8 19. Qxg4 Ne6 20. Rfe1 Qb6 21. Rad1
Rc8 22. Nd4 Ke7 23. Bh4+ 1-0

[Event "89th Hastings Masters 2013-14"]
[Site "Hastings ENG"]
[Date "2014.01.01"]
[Round "5.41"]
[White "Macrae, James S"]
[Black "Spanton, Tim R"]
[Result "1-0"]
[WhiteElo "1736"]
[BlackElo "2008"]
[WhiteFideId "2401797"]
[BlackFideId "404802"]
[EventDate "2013.12.28"]

1. d4 d5 2. Nf3 Nc6 3. Bf4 Bg4 4. Nbd2 e6 5. e3 Bd6 6. Bxd6 cxd6 7. Be2 Nf6 8.
Nh4 Bxe2 9. Qxe2 Ne4 10. Nhf3 O-O 11. O-O f5 12. c4 Ne7 13. Rac1 Kh8 14. Rc2 Rg8
15. Rfc1 g5 16. Nxe4 dxe4 17. Ne1 g4 18. Kh1 Rg6 19. g3 Rh6 20. Ng2 Qe8 21. Qf1
Ng6 22. c5 d5 23. c6 bxc6 24. Rxc6 Ne7 25. Rc7 Rf6 26. R1c5 Rf8 27. Qa6 Nc8 28.
Qb7 1-0

[Event "89th Hastings Masters 2013-14"]
[Site "Hastings ENG"]
[Date "2014.01.01"]
[Round "5.42"]
[White "Oyama, Akito"]
[Black "Gunn, Michael J"]
[Result "1-0"]
[WhiteElo "1998"]
[BlackElo "1727"]
[WhiteFideId "7001630"]
[BlackFideId "409030"]
[EventDate "2013.12.28"]

1. e4 e6 2. d4 d5 3. Nc3 Nf6 4. Bg5 Be7 5. e5 Nfd7 6. h4 h6 7. Bxe7 Qxe7 8. f4
a6 9. Qd2 c5 10. dxc5 Nxc5 11. O-O-O Nc6 12. Nf3 O-O 13. f5 f6 14. fxe6 Bxe6 15.
Nxd5 Bxd5 16. Qxd5+ Kh8 17. exf6 Rxf6 18. Re1 Qf8 19. a3 Rd8 20. Qa2 Rfd6 21.
Bc4 Qf4+ 22. Kb1 b5 23. Bf7 Na4 24. Be8 Qf6 25. Bxc6 Rxc6 26. Ne5 Rc7 27. Rhf1
Qxh4 28. Ng6+ 1-0

[Event "89th Hastings Masters 2013-14"]
[Site "Hastings ENG"]
[Date "2014.01.01"]
[Round "5.43"]
[White "Shierlaw, Hamish"]
[Black "Othman, Mustapha"]
[Result "0-1"]
[WhiteElo "1605"]
[BlackElo "1914"]
[WhiteFideId "4301765"]
[BlackFideId "8500797"]
[EventDate "2013.12.28"]

1. e4 c5 2. Nf3 d6 3. d4 cxd4 4. Nxd4 Nf6 5. Nc3 a6 6. Be2 e5 7. Nb3 Be7 8. O-O
O-O 9. Be3 Be6 10. Qd2 Nbd7 11. Rfd1 Qc7 12. Rac1 b5 13. Bd3 Nb6 14. Bxb6 Qxb6
15. h3 Rac8 16. Ne2 d5 17. exd5 Bxd5 18. Ng3 Rfe8 19. Re1 Bf8 20. Qe3 Qxe3 21.
Rxe3 g6 22. Rce1 e4 23. Nxe4 Nxe4 24. Bxe4 Bxe4 25. Rxe4 Rxe4 26. Rxe4 Rxc2 27.
Kf1 Rxb2 28. Re2 Rb1+ 29. Re1 Rxe1+ 30. Kxe1 Kg7 31. Ke2 Kf6 32. Ke3 Ke5 33. Kd3
Kd5 34. Kc3 Bc5 35. f3 Bf2 36. Kd3 h5 37. Ke2 Bg1 38. Kd3 Bf2 39. Ke2 Bb6 40.
Kd3 a5 41. Nd2 f5 42. Nb3 a4 43. Nd2 Ba5 44. Nf1 f4 45. g3 Bc7 46. g4 Ba5 47.
gxh5 gxh5 48. Nh2 b4 49. Nf1 b3 50. axb3 axb3 51. Nh2 b2 52. Kc2 Bc3 53. Nf1 Kd4
54. h4 Kc4 55. Nh2 Kd5 56. Nf1 Kd4 57. Nh2 Ke3 0-1

[Event "89th Hastings Masters 2013-14"]
[Site "Hastings ENG"]
[Date "2014.01.01"]
[Round "5.45"]
[White "Page, Martin C"]
[Black "Mitchell, Robert1"]
[Result "1-0"]
[WhiteElo "1837"]
[BlackElo "1674"]
[WhiteFideId "418382"]
[BlackFideId "4302095"]
[EventDate "2013.12.28"]

1. Nf3 d6 2. e4 Nf6 3. Nc3 Bg4 4. d4 c6 5. Be2 e6 6. O-O Be7 7. Be3 O-O 8. Nd2
Bxe2 9. Qxe2 b5 10. a3 Na6 11. f3 Nc7 12. Nb3 a5 13. Rfd1 d5 14. e5 Nd7 15. Re1
Nb6 16. Nd2 Na6 17. Bf2 b4 18. axb4 Nxb4 19. Nb3 Nc4 20. Na4 Na6 21. Nbc5 Nxc5
22. dxc5 Bg5 23. b3 Nxe5 24. Qxe5 Bf6 25. Qe3 Bxa1 26. Rxa1 Qf6 27. Qc3 e5 28.
Nb6 d4 29. Qe1 Ra7 30. Rxa5 Rxa5 31. Qxa5 Rd8 32. Qd2 h6 33. h3 Qe7 34. b4 f5
35. f4 e4 36. Bxd4 Qxc5 37. bxc5 1-0

[Event "89th Hastings Masters 2013-14"]
[Site "Hastings ENG"]
[Date "2014.01.02"]
[Round "6.2"]
[White "Ma, Qun"]
[Black "Tomczak, Jacek"]
[Result "1/2-1/2"]
[WhiteTitle "GM"]
[BlackTitle "GM"]
[WhiteElo "2595"]
[BlackElo "2569"]
[WhiteFideId "8603154"]
[BlackFideId "1124668"]
[EventDate "2013.12.28"]

1. e4 e6 2. d4 d5 3. Nd2 c5 4. Ngf3 Nc6 5. exd5 exd5 6. Bb5 Bd6 7. O-O Ne7 8.
dxc5 Bxc5 9. Nb3 Bd6 10. Re1 O-O 11. c3 Bg4 12. Bg5 h6 13. Bh4 Re8 14. Be2 Qb6
15. Nfd4 Bxe2 16. Rxe2 Nxd4 17. Nxd4 Nc6 18. Nf5 Bf8 19. Nxh6+ gxh6 20. Rxe8
Rxe8 1/2-1/2

[Event "89th Hastings Masters 2013-14"]
[Site "Hastings ENG"]
[Date "2014.01.02"]
[Round "6.3"]
[White "Arkell, Keith C"]
[Black "Gormally, Daniel W"]
[Result "1/2-1/2"]
[WhiteTitle "GM"]
[BlackTitle "GM"]
[WhiteElo "2438"]
[BlackElo "2500"]
[WhiteFideId "400270"]
[BlackFideId "406465"]
[EventDate "2013.12.28"]

1. d4 d5 2. Nf3 e6 3. c4 dxc4 4. Qa4+ Nd7 5. Bg5 Nf6 6. Nc3 a6 7. Qxc4 b5 8. Qd3
Bb7 9. g3 h6 10. Bxf6 Nxf6 11. Bg2 c5 12. O-O cxd4 13. Qxd4 Qxd4 14. Nxd4 Bxg2
15. Kxg2 Bc5 1/2-1/2

[Event "89th Hastings Masters 2013-14"]
[Site "Hastings ENG"]
[Date "2014.01.02"]
[Round "6.5"]
[White "Sarkar, Justin"]
[Black "Hebden, Mark L"]
[Result "1-0"]
[WhiteTitle "IM"]
[BlackTitle "GM"]
[WhiteElo "2425"]
[BlackElo "2560"]
[WhiteFideId "2010011"]
[BlackFideId "400084"]
[EventDate "2013.12.28"]

1. d4 Nf6 2. c4 g6 3. Nc3 Bg7 4. e4 d6 5. Be2 O-O 6. Nf3 e5 7. O-O Nc6 8. d5 Ne7
9. Ne1 Nd7 10. f3 f5 11. Be3 f4 12. Bf2 g5 13. Rc1 Ng6 14. c5 Nxc5 15. b4 Na6
16. Nb5 b6 17. Qa4 g4 18. fxg4 f3 19. Bxf3 Nf4 20. a3 Rf7 21. Qd1 Nb8 22. Nd3 a5
23. Nxf4 exf4 24. Nd4 Bxd4 25. Bxd4 Nd7 26. e5 dxe5 27. d6 Ra7 28. Bd5 cxd6 29.
Qc2 Bb7 30. Bxf7+ Kxf7 31. Qxh7+ Ke6 32. Qf5+ Ke7 33. Bf2 1-0

[Event "89th Hastings Masters 2013-14"]
[Site "Hastings ENG"]
[Date "2014.01.02"]
[Round "6.8"]
[White "Sowray, Peter J"]
[Black "Rahman, Ziaur"]
[Result "1-0"]
[WhiteTitle "FM"]
[BlackTitle "GM"]
[WhiteElo "2326"]
[BlackElo "2496"]
[WhiteFideId "400971"]
[BlackFideId "10200037"]
[EventDate "2013.12.28"]

1. d4 d6 2. g3 g6 3. Bg2 Bg7 4. Nf3 f5 5. c3 Nf6 6. Qb3 e6 7. O-O Nc6 8. Nbd2
O-O 9. Re1 Kh8 10. e4 f4 11. Nf1 e5 12. gxf4 exd4 13. cxd4 Nh5 14. d5 Ne7 15. f5
gxf5 16. e5 f4 17. e6 Rf5 18. Nh4 Rg5 19. Ng3 Qe8 20. Nf3 Rxd5 21. Nxh5 Qxh5 22.
Bxf4 Qg4 23. Bg3 a5 24. Rac1 c6 25. Rc4 Qh5 26. Qb6 Qe8 27. Rg4 Bf6 28. Qc7 Ng6
29. Nh4 Bxh4 30. Bxd5 Bxg3 31. Rxg3 cxd5 32. e7 Bd7 33. Qxd6 Bc6 34. h4 Qf7 35.
h5 1-0

[Event "89th Hastings Masters 2013-14"]
[Site "Hastings ENG"]
[Date "2014.01.02"]
[Round "6.9"]
[White "Wegerle, Joerg"]
[Black "Knott, Simon J B"]
[Result "1-0"]
[WhiteTitle "IM"]
[BlackTitle "IM"]
[WhiteElo "2431"]
[BlackElo "2317"]
[WhiteFideId "4644743"]
[BlackFideId "400645"]
[EventDate "2013.12.28"]

1. e4 e6 2. d4 d5 3. Nc3 Bb4 4. exd5 exd5 5. Qf3 Qe7+ 6. Ne2 Nf6 7. Bg5 Qe4 8.
Bxf6 Qxf3 9. gxf3 gxf6 10. a3 Bxc3+ 11. Nxc3 c6 12. Bd3 Be6 13. Nd1 Nd7 14. Ne3
c5 15. c3 Ke7 16. dxc5 Nxc5 17. Bc2 f5 18. O-O-O Rad8 19. b4 f4 20. Ng2 Nd7 21.
Nxf4 Nf6 22. Rhe1 Rd6 23. Kb2 Rhd8 24. Ne2 a6 25. Nd4 Kf8 26. Re5 Bc8 27. Ba4
Bd7 28. Bb3 Bc8 29. Nc2 Be6 30. Rd4 Nd7 31. Rh5 Nf6 32. Rg5 h6 33. Rg1 Nd7 34.
Re1 Nb8 35. Rh4 Bc8 36. Nd4 Nc6 37. Bc2 Rf6 38. Re3 Re8 39. Nxc6 bxc6 40. f4 1-0

[Event "89th Hastings Masters 2013-14"]
[Site "Hastings ENG"]
[Date "2014.01.02"]
[Round "6.10"]
[White "Marusenko, Petr"]
[Black "Vakhidov, Jahongir"]
[Result "0-1"]
[WhiteTitle "IM"]
[BlackTitle "IM"]
[WhiteElo "2189"]
[BlackElo "2452"]
[WhiteFideId "14100606"]
[BlackFideId "14201801"]
[EventDate "2013.12.28"]

1. d4 g6 2. e4 Bg7 3. Nc3 d6 4. Nf3 Bg4 5. Be2 Nc6 6. Be3 Nf6 7. d5 Bxf3 8. Bxf3
Ne5 9. Be2 c6 10. f4 Ned7 11. Bf3 O-O 12. O-O cxd5 13. exd5 Ne8 14. Bd4 Bxd4+
15. Qxd4 Ng7 16. Rfe1 a6 17. Re2 Re8 18. Rae1 Kf8 19. Ne4 Qb6 20. Qxb6 Nxb6 21.
Rd1 Rac8 22. b3 Nd7 23. Ng5 h6 24. Bg4 f5 25. Ne6+ Nxe6 26. dxe6 Nf6 27. Bf3 b5
28. Rd4 a5 29. h3 Rc3 30. a4 b4 31. Bb7 Rb8 32. Ba6 h5 33. Rc4 h4 34. Rd2 Ne4
35. Rxc3 Nxc3 36. Kf1 Kg7 37. Ke1 Kf6 38. Bc4 Rc8 39. Rd3 Rc5 40. Re3 Nxa4 41.
Bd3 Nc3 42. g4 hxg3 43. Rxg3 Nd5 44. Rf3 Nc7 0-1

[Event "89th Hastings Masters 2013-14"]
[Site "Hastings ENG"]
[Date "2014.01.02"]
[Round "6.13"]
[White "Wadsworth, Matthew J"]
[Black "Milliet, Sophie"]
[Result "0-1"]
[BlackTitle "IM"]
[WhiteElo "2188"]
[BlackElo "2387"]
[WhiteFideId "415804"]
[BlackFideId "623725"]
[EventDate "2013.12.28"]

1. e4 c5 2. Nc3 Nc6 3. g3 g6 4. Bg2 Bg7 5. d3 d6 6. Be3 e5 7. Nge2 Nge7 8. O-O
O-O 9. f4 Nd4 10. h3 Be6 11. Nd5 Nxe2+ 12. Qxe2 Bxd5 13. exd5 exf4 14. gxf4 Nf5
15. Bf2 Bxb2 16. Rab1 Bd4 17. Bxd4 cxd4 18. Qf2 Qd7 19. Rb4 Rac8 20. Rfb1 b6 21.
Kh2 Rc3 22. Bf3 Rfc8 23. Bd1 Ne3 24. Rxd4 Rxc2 25. Be2 Rxe2 26. Qxe2 Rc2 27.
Qxc2 Nxc2 28. Re4 f5 29. Re2 Qa4 30. Kh1 Nd4 31. Re7 Qc2 32. Rbe1 Nf3 33. R1e2
Qxd3 34. R7e3 Qxd5 35. Re8+ Kg7 36. R2e7+ Kh6 0-1

[Event "89th Hastings Masters 2013-14"]
[Site "Hastings ENG"]
[Date "2014.01.02"]
[Round "6.16"]
[White "Erzhanov, Arman"]
[Black "Helmer, Christoph"]
[Result "1-0"]
[WhiteTitle "FM"]
[WhiteElo "2325"]
[BlackElo "2037"]
[WhiteFideId "4138821"]
[BlackFideId "24606642"]
[EventDate "2013.12.28"]

1. e4 g6 2. d4 Bg7 3. c3 d6 4. f4 e5 5. Nf3 exf4 6. Bxf4 Nf6 7. Bd3 O-O 8. O-O
Nh5 9. Bg5 Bf6 10. Bh6 Bg7 11. Bg5 Bf6 12. Be3 Nc6 13. Nbd2 a6 14. b4 Qe7 15.
Qe2 Bg7 16. Bg5 f6 17. Be3 f5 18. Bg5 Bf6 19. Bh6 Bg7 20. Bc4+ Kh8 21. Bg5 Bf6
22. Bxf6+ Nxf6 23. e5 dxe5 24. d5 Nd8 25. Nxe5 Re8 26. Rfe1 Kg7 27. Qf2 Qd6 28.
Ndf3 b5 29. Bb3 Bb7 30. Rad1 Ne4 31. Qd4 Kg8 32. c4 bxc4 33. Nxc4 Qxb4 34. Ng5
Qb5 35. d6 Nc6 36. d7 Nxd4 37. Nd6+ Nxb3 38. dxe8=Q+ Rxe8 39. Nxb5 axb5 40. axb3
Ra8 41. Ne6 Ra2 42. Nxc7 Rb2 43. Nxb5 Ba6 44. Nd4 Kf7 45. Rb1 Rxb1 46. Rxb1 Kf6
47. Ra1 Bb7 48. Ra7 Bd5 49. Rxh7 Ng5 50. Rh6 Nf7 51. Rh3 Ke5 52. Ne2 f4 53. Rd3
g5 54. h3 Nd6 55. b4 Bc4 56. Rd2 Ne4 57. Rb2 Bb5 58. Rc2 Bd3 59. Rb2 Bb5 60. Rc2
Bd3 61. Ra2 Kd5 62. Kh2 Kc4 63. Rb2 Nd6 64. Ng1 Kc3 65. Ra2 Kxb4 66. Nf3 Ne4 67.
Ra7 Kc4 68. Rg7 Ng3 69. Rxg5 1-0

[Event "89th Hastings Masters 2013-14"]
[Site "Hastings ENG"]
[Date "2014.01.02"]
[Round "6.19"]
[White "Villiers, Thomas"]
[Black "Foisor, Mihaela-Veronica"]
[Result "1-0"]
[BlackTitle "WIM"]
[WhiteElo "2078"]
[BlackElo "2216"]
[WhiteFideId "427209"]
[BlackFideId "2270757"]
[EventDate "2013.12.28"]

1. c4 c5 2. g3 g6 3. Bg2 Bg7 4. Nc3 Nc6 5. Nf3 e5 6. d3 Nge7 7. Be3 d6 8. Qc1
Nd4 9. O-O h5 10. h4 Bg4 11. Bxd4 cxd4 12. Ne4 O-O 13. b4 d5 14. Ned2 Rc8 15. c5
b6 16. Qa3 bxc5 17. bxc5 Nc6 18. Rab1 Qe7 19. e4 dxe3 20. fxe3 Bh6 21. Rfe1 e4
22. Nh2 Bf5 23. dxe4 dxe4 24. Nc4 Rb8 25. Nd6 Qe5 26. Nf1 Rfd8 27. Qa4 Qxc5 28.
Nxf5 gxf5 29. Rbc1 Qa5 30. Qxc6 Rb6 31. Qc4 Rd3 32. Qc5 Rb5 33. Qc8+ Kg7 34. Re2
Rd8 35. Qc3+ Qxc3 36. Rxc3 Rd1 37. Kf2 Rbd5 38. Re1 Rxe1 39. Kxe1 Ra5 40. Rc2
Ra3 41. Ke2 a5 42. Bh3 Kg6 43. Kf2 a4 44. Re2 Rd3 45. Nh2 Ra3 46. Nf1 Rd3 47.
Ke1 Bf8 48. Rb2 Bc5 49. Ke2 Ra3 50. Rc2 Ba7 51. Rc6+ f6 52. Rc2 Bb6 53. Kf2 Ba7
54. Re2 Bc5 55. Ke1 Rd3 56. Rf2 Bb4+ 57. Ke2 Rd5 58. Nh2 Ba5 59. Kf1 Bb6 60. Re2
Rd3 61. Kf2 Bc5 62. Nf1 Ra3 63. Kg2 Rd3 64. Rd2 Ra3 65. Rf2 Bxe3 66. Bxf5+ Kf7
67. Re2 Bb6 68. Bxe4 1-0

[Event "89th Hastings Masters 2013-14"]
[Site "Hastings ENG"]
[Date "2014.01.02"]
[Round "6.20"]
[White "Mannion, Stephen R"]
[Black "Lenier, Jude A"]
[Result "1/2-1/2"]
[WhiteTitle "IM"]
[WhiteElo "2375"]
[BlackElo "2082"]
[WhiteFideId "2400111"]
[BlackFideId "470678"]
[EventDate "2013.12.28"]

1. e4 e5 2. Nf3 Nc6 3. Bb5 a6 4. Ba4 Nf6 5. O-O Be7 6. Re1 b5 7. Bb3 O-O 8. d4
Nxd4 9. Nxd4 exd4 10. e5 Ne8 11. c3 dxc3 12. Nxc3 d6 13. Nd5 dxe5 14. Rxe5 Be6
15. Nxe7+ Qxe7 16. Qe2 Nd6 17. Bg5 Qe8 18. Bc2 Qd7 19. Re1 Rae8 20. Qh5 Bf5 21.
Bb3 Rxe5 22. Rxe5 Bg4 23. Qh4 Nc4 24. Re7 Re8 25. Rxe8+ Qxe8 26. h3 Qe1+ 27. Kh2
Be6 28. Bf4 f6 29. Qh5 Bf7 30. Qc5 Ne5 31. Bxf7+ Kxf7 32. Qxc7+ Kf8 33. Qd6+ Kf7
34. Be3 Qe2 35. Qd5+ Kg6 36. Qe4+ Kf7 37. Qb7+ Kg6 38. Qxa6 Qxb2 39. Qe6 h6 40.
Qd5 Nc4 41. Bd4 Qxa2 42. Qxb5 Qc2 43. Qe8+ Kh7 44. Qf7 Qd3 45. Bxf6 Qd6+ 46. Kg1
Qd1+ 47. Kh2 Qd6+ 1/2-1/2

[Event "89th Hastings Masters 2013-14"]
[Site "Hastings ENG"]
[Date "2014.01.02"]
[Round "6.24"]
[White "Croad, Nicolas"]
[Black "Pettersen, Joar Gullestad"]
[Result "1-0"]
[WhiteTitle "FM"]
[WhiteElo "2272"]
[BlackElo "2013"]
[WhiteFideId "4300793"]
[BlackFideId "1505890"]
[EventDate "2013.12.28"]

1. d4 e6 2. c4 f5 3. g3 Nf6 4. Bg2 c6 5. Nf3 d5 6. O-O Bd6 7. Nc3 b6 8. Qc2 Ne4
9. Rb1 Qe7 10. cxd5 exd5 11. Nxd5 Qf7 12. Nc3 O-O 13. Nxe4 fxe4 14. Ng5 Qxa2 15.
Bxe4 h6 16. Bd5+ Qxd5 17. Qh7# 1-0

[Event "89th Hastings Masters 2013-14"]
[Site "Hastings ENG"]
[Date "2014.01.02"]
[Round "6.25"]
[White "Degro, Heiko"]
[Black "Rowe, Duane"]
[Result "0-1"]
[BlackTitle "CM"]
[WhiteElo "2060"]
[BlackElo "2218"]
[WhiteFideId "24666122"]
[BlackFideId "7400268"]
[EventDate "2013.12.28"]

1. d4 Nf6 2. Nf3 e6 3. g3 b6 4. Bg2 Bb7 5. c4 Bb4+ 6. Bd2 a5 7. O-O O-O 8. Bxb4
axb4 9. Nbd2 Na6 10. a3 c5 11. Nb3 Qc7 12. Nfd2 Bxg2 13. Kxg2 b5 14. cxb5 Qb7+
15. Kg1 Qxb5 16. dxc5 Nxc5 17. Nxc5 Qxc5 18. Rc1 Qb5 19. axb4 Qxb4 20. Rc2 d5
21. Nf3 Rac8 22. Qc1 Qb7 23. Rd1 Rxc2 24. Qxc2 Rc8 25. Qb1 Qc7 26. b3 Ne4 27.
Qd3 Qb6 28. Qe3 Qxe3 29. fxe3 Kf8 30. Rb1 Nc3 31. Re1 Nb5 32. Nd4 Rb8 33. Nxb5
Rxb5 34. Rb1 Ke7 35. b4 f5 36. h4 Kd6 37. Kf2 h6 38. Kf3 g5 39. hxg5 hxg5 40.
Kf2 Rb7 41. Kf3 g4+ 42. Kf2 Kc6 43. Rc1+ Kb5 44. Rc5+ Kxb4 45. Rc6 Re7 46. Ra6
Kb5 47. Rd6 Kc5 48. Ra6 Re8 49. Kf1 d4 50. exd4+ Kxd4 51. Kf2 Ke5 52. Ra5+ Kf6
53. Ra6 Rb8 54. Rc6 Rb4 55. Rc8 Ke5 56. Rg8 Ke4 57. Rg6 e5 58. Rg8 Rb3 59. Rg5
Rb8 60. Rg7 Rh8 61. Ra7 Rh2+ 62. Kf1 f4 63. Ra4+ Kf5 64. gxf4 exf4 65. Ra5+ Kf6
66. Rb5 g3 67. Ra5 Rh1+ 68. Kg2 Re1 69. Ra2 Kf5 70. Ra5+ Kg4 71. Ra2 Rxe2+ 72.
Rxe2 f3+ 73. Kf1 fxe2+ 74. Kg2 e1=N+ 0-1

[Event "89th Hastings Masters 2013-14"]
[Site "Hastings ENG"]
[Date "2014.01.02"]
[Round "6.26"]
[White "Kewes, Gerd"]
[Black "Cafferty, Bernard"]
[Result "1/2-1/2"]
[BlackTitle "FM"]
[WhiteElo "2200"]
[BlackElo "2081"]
[WhiteFideId "4680588"]
[BlackFideId "401005"]
[EventDate "2013.12.28"]

1. e4 Nf6 2. e5 Nd5 3. d4 d6 4. c4 Nb6 5. exd6 exd6 6. Be2 Be7 7. h3 Bf5 8. Nc3
Nc6 9. a3 Bf6 10. Nf3 O-O 11. g4 Bg6 12. Be3 Re8 13. h4 h5 14. g5 Be7 15. Nd2
Bf8 16. Kf1 Ne7 17. Bxh5 Nf5 18. Rh3 c5 19. Bxg6 fxg6 20. d5 Qd7 21. Qf3 Be7 22.
Re1 Rf8 23. Qg2 Rae8 24. h5 gxh5 25. g6 Nh4 26. Qh1 Qg4 1/2-1/2

[Event "89th Hastings Masters 2013-14"]
[Site "Hastings ENG"]
[Date "2014.01.02"]
[Round "6.27"]
[White "Brewer, Callum D"]
[Black "McPhillips, Joseph"]
[Result "0-1"]
[WhiteElo "1693"]
[BlackElo "2199"]
[WhiteFideId "435309"]
[BlackFideId "422487"]
[EventDate "2013.12.28"]

1. e4 e6 2. d4 d5 3. e5 c5 4. c3 Nc6 5. Nf3 Qb6 6. Be2 cxd4 7. cxd4 Nh6 8. Nc3
Nf5 9. Na4 Qa5+ 10. Bd2 Bb4 11. Bc3 b5 12. a3 Bxc3+ 13. Nxc3 a6 14. Bd3 O-O 15.
b4 Qd8 16. Bxf5 exf5 17. O-O Be6 18. Qd2 h6 19. Ne2 Qe7 20. Rfc1 Rfc8 21. Rc5 a5
22. Rac1 axb4 23. axb4 Qd7 24. Ne1 Ne7 25. Nd3 Qb7 26. h3 Qb6 27. Rxc8+ Nxc8 28.
Nc5 Ne7 29. Qc3 Ng6 30. Nxe6 Qxe6 31. f4 Kh7 32. Qd3 Rc8 33. Rc5 Ra8 34. Qxb5
Qe7 35. Qd3 Qh4 36. Qg3 Qxg3 37. Nxg3 Nxf4 38. Rc2 Ra1+ 39. Kh2 g6 40. Rb2 Nd3
41. Rb3 Nf2 42. Rb2 Nd1 43. Rb3 f4 44. Ne2 Ne3 45. Ng1 f3 46. gxf3 Ra2+ 47. Kg3
Nf5+ 48. Kf4 Rd2 0-1

[Event "89th Hastings Masters 2013-14"]
[Site "Hastings ENG"]
[Date "2014.01.02"]
[Round "6.29"]
[White "Mueller, Constantin"]
[Black "Atkins, Rita"]
[Result "1-0"]
[BlackTitle "WIM"]
[WhiteElo "2047"]
[BlackElo "2176"]
[WhiteFideId "24697630"]
[BlackFideId "408050"]
[EventDate "2013.12.28"]

1. d4 d6 2. c4 e5 3. Nf3 e4 4. Ng5 f5 5. Nc3 c6 6. Nh3 Nf6 7. e3 Be7 8. Nf4 O-O
9. h4 Na6 10. Rb1 Nc7 11. d5 Ng4 12. dxc6 bxc6 13. h5 Ne6 14. Be2 Nxf4 15. exf4
Nf6 16. Be3 Be6 17. b4 d5 18. cxd5 cxd5 19. O-O a5 20. b5 Rc8 21. Bd4 Bc5 22. h6
Bxd4 23. Qxd4 Qc7 24. hxg7 Rf7 25. Na4 Qxf4 26. b6 Bd7 27. b7 Rb8 28. Nc5 Bc6
29. Rb6 Qd6 30. Rc1 Ng4 31. Bxg4 fxg4 32. Nxe4 Qf4 33. Rbxc6 1-0

[Event "89th Hastings Masters 2013-14"]
[Site "Hastings ENG"]
[Date "2014.01.02"]
[Round "6.35"]
[White "Halfhide, Sebastian"]
[Black "Sugden, John N"]
[Result "1/2-1/2"]
[WhiteElo "1916"]
[BlackElo "2138"]
[WhiteFideId "1045946"]
[BlackFideId "402001"]
[EventDate "2013.12.28"]

1. c4 e5 2. Nc3 Nc6 3. g3 g6 4. Bg2 Bg7 5. e4 Nge7 6. Nge2 d6 7. d3 O-O 8. O-O
Be6 9. Be3 Qd7 10. Nd5 f5 11. Qd2 Rf7 12. Rac1 Raf8 13. b4 Nc8 14. b5 Nd8 15.
exf5 Bxf5 16. Ndc3 Bh3 17. f4 Bxg2 18. Kxg2 Ne6 19. d4 exf4 20. Nxf4 Nxf4+ 21.
Rxf4 Nb6 22. Qd3 d5 23. c5 Nc4 24. Rcf1 Qe6 25. Bc1 c6 26. Rxf7 Rxf7 27. Rxf7
Kxf7 28. bxc6 bxc6 29. Ne2 Qe7 1/2-1/2